[Event "CZE-ch Youth B14 2022"]
[Site "Luhacovice"]
[Date "2022.03.16"]
[Round "6.5"]
[White "Zrubek, Dan"]
[Black "Jasso, Matej"]
[Result "1-0"]
[WhiteElo "1478"]
[BlackElo "1726"]
[Annotator "NA"]
[PlyCount "51"]
[EventDate "2022.03.12"]
[EventType "swiss"]
[EventCountry "CZE"]
[SourceTitle "playchess.com"]
[Source "ChessBase"]
[SourceQuality "1"]
[TimeControl "40/5400+30:1800+30"]

1. e4 {[%emt 0:00:03]} c5 {[%emt 0:00:07]} 2. Nf3 {[%emt 0:00:16]} d6 {[%emt 0:00:16]} 3. d4 {[%emt 0:00:06]} cxd4 {[%emt 0:00:08]} 4. Nxd4 {[%emt 0:00:25]} Nf6 {[%emt 0:00:09]} 5. Nc3 {[%emt 0:00:33]} a6 {[%emt 0:00:08]} 6. Bg5 {[%emt 0:00:57]} e6 {[%emt 0:00:12]} 7. f4 {[%emt 0:00:41]} Be7 {[%emt 0:00:08]} 8. Qf3 {[%emt 0:01:13]} Qc7 {[%emt 0:01:26]} 9. O-O-O {[%emt 0:02:26]} Nbd7 {[%emt 0:00:20]} 10. Be2 {[%emt 0:04:02]} b5 {[%emt 0:02:24]} 11. Bxf6 {[%emt 0:21:39]} gxf6 {[%emt 0:10:10]} 12. e5 {[%emt 0:09:21]} Bb7 {[%emt 0:03:50]} 13. Qh5 {[%emt 0:01:20]} Nc5 {[%emt 0:06:59]} 14. Bxb5+ {[%emt 0:17:00]} axb5 {[%emt 0:02:45]} 15. Ndxb5 {[%emt 0:00:22]} Qc6 {[%emt 0:02:50]} 16. exd6 {[%emt 0:02:43]} Bd8 {[%emt 0:01:30]} 17. d7+ {[%emt 0:03:56]} Ke7 {[%emt 0:02:38]} 18. Rhe1 {[%emt 0:03:39]} Nxd7 {[%emt 0:23:41]} 19. Nd6 {[%emt 0:03:58]} Rf8 {[%emt 0:03:10]} 20. Nf5+ {[%emt 0:02:06]} Ke8 {[%emt 0:00:08]} 21. Ng7+ {[%emt 0:00:54]} Ke7 {[%emt 0:00:05]} 22. Nd5+ {[%emt 0:02:34]} Qxd5 {[%emt 0:05:10]} 23. Rxd5 {[%emt 0:00:16]} Bxd5 {[%emt 0:00:09]} 24. Qxd5 {[%emt 0:01:21]} Ra5 {[%emt 0:01:13]} 25. Nf5+ {[%emt 0:01:25]} Ke8 {[%emt 0:00:52]} 26. Rxe6+ {[%emt 0:00:20]} 1-0

[Event "CZE-ch Youth B14 2022"]
[Site "Luhacovice"]
[Date "2022.03.16"]
[Round "6.6"]
[White "Setina, Vaclav"]
[Black "Juracak, David"]
[Result "1-0"]
[WhiteElo "1881"]
[BlackElo "1717"]
[Annotator "NA"]
[PlyCount "81"]
[EventDate "2022.03.12"]
[EventType "swiss"]
[EventCountry "CZE"]
[SourceTitle "playchess.com"]
[Source "ChessBase"]
[SourceQuality "1"]
[TimeControl "40/5400+30:1800+30"]

1. e4 {[%emt 0:00:00]} e5 {[%emt 0:00:05]} 2. Nf3 {[%emt 0:00:04]} Nf6 {[%emt 0:00:05]} 3. Nxe5 {[%emt 0:00:04]} d6 {[%emt 0:00:05]} 4. Nf3 {[%emt 0:00:06]} Nxe4 {[%emt 0:00:07]} 5. d4 {[%emt 0:00:24]} d5 {[%emt 0:00:06]} 6. Bd3 {[%emt 0:00:14]} Bf5 {[%emt 0:04:55]} 7. O-O {[%emt 0:00:20]} Be7 {[%emt 0:00:29]} 8. Re1 {[%emt 0:03:11]} O-O {[%emt 0:01:28]} 9. c4 {[%emt 0:00:54] 9.Nbd2 gains popularity.} Nc6 {[%emt 0:13:04]} 10. Nc3 {[%emt 0:10:23]} Nxc3 {[%emt 0:01:04]} 11. bxc3 {[%emt 0:00:21]} Bxd3 {[%emt 0:03:35]} 12. Qxd3 {[%emt 0:00:08]} Re8 {[%emt 0:01:38]} 13. Bf4 {[%emt 0:09:06]} dxc4 $1 {[%emt 0:04:12]} 14. Qxc4 {[%emt 0:06:54] [#]} Qd7 $146 {[%emt 0:00:34]} ({Predecessor:} 14... Bd6 $14 15. Ng5 Qf6 16. Qd3 Qg6 17. Qxg6 hxg6 18. Bxd6 cxd6 19. Ne4 Rad8 20. d5 Ne5 {0-1 (44) Bensch,P (2168)-Wegerle,J (2405) Austria 2018}) 15. d5 {[%emt 0:07:54]} Na5 {[%emt 0:14:41]} 16. Qxc7 {[%emt 0:01:50]} Qxc7 {[%emt 0:00:10]} 17. Bxc7 {[%emt 0:00:08]} Nc4 {[%emt 0:00:15]} 18. Re4 {[%emt 0:01:51]} Nd6 {[%emt 0:02:58] [#]} 19. Rxe7 $1 {[%emt 0:00:16]} Rxe7 {[%emt 0:00:13]} 20. Bxd6 {[%emt 0:00:12]} Rd7 {[%emt 0:00:04]} 21. Be5 {[%emt 0:01:25]} Rxd5 {[%emt 0:00:11]} 22. Bd4 {[%emt 0:00:14]} Re8 {[%emt 0:02:55]} 23. Bxa7 {[%emt 0:15:51]} Ra8 {[%emt 0:00:32]} 24. Bd4 {[%emt 0:03:00]} Rda5 {[%emt 0:01:13]} 25. g3 {[%emt 0:01:34]} Rxa2 {[%emt 0:00:10]} 26. Re1 {[%emt 0:00:52]} Ra1 {[%emt 0:01:20]} 27. Kg2 {[%emt 0:00:49]} Rxe1 {[%emt 0:00:41]} 28. Nxe1 {[%emt 0:00:02]} f6 {[%emt 0:00:51]} 29. Nd3 {[%emt 0:03:20]} Rd8 {[%emt 0:01:50]} 30. Kf3 {[%emt 0:02:31]} Kf7 {[%emt 0:00:14]} 31. Nc5 {[%emt 0:04:43]} b5 {[%emt 0:00:08]} 32. Ke3 {[%emt 0:02:08]} Rb8 {[%emt 0:09:54]} 33. Kd3 {[%emt 0:05:59]} Ke7 {[%emt 0:03:05]} 34. Kc2 {[%emt 0:03:10]} Kd6 {[%emt 0:10:41]} (34... Ra8 {might work better.} 35. Be3 Kd6) 35. Kb3 {[%emt 0:04:31]} Kd5 {[%emt 0:01:04]} 36. Na6 $18 {[%emt 0:00:54]} Rb7 {[%emt 0:00:13]} 37. Kb4 {[%emt 0:01:54]} Kd6 {[%emt 0:00:56]} 38. Nc5 {[%emt 0:01:08]} Rb8 {[%emt 0:00:37]} 39. Be3 {[%emt 0:00:29]} Kd5 {[%emt 0:00:41]} 40. Nb3 {[%emt 0:02:13]} Rc8 {[%emt 0:00:49]} 41. Nd4 {[%emt 0:31:09]} 1-0

[Event "CZE-ch Youth B14 2022"]
[Site "Luhacovice"]
[Date "2022.03.16"]
[Round "6.7"]
[White "Svoboda, Daniel"]
[Black "Babula, Matej"]
[Result "1-0"]
[WhiteElo "1619"]
[BlackElo "1753"]
[Annotator "NA"]
[PlyCount "61"]
[EventDate "2022.03.12"]
[EventType "swiss"]
[EventCountry "CZE"]
[SourceTitle "playchess.com"]
[Source "ChessBase"]
[SourceQuality "1"]
[TimeControl "40/5400+30:1800+30"]

1. e4 {[%emt 0:00:04]} e5 {[%emt 0:00:05]} 2. Nf3 {[%emt 0:00:12]} Nc6 {[%emt 0:00:02]} 3. Nc3 {[%emt 0:00:17]} Nf6 {[%emt 0:00:04]} 4. d4 {[%emt 0:00:00]} exd4 {[%emt 0:00:00]} 5. Nxd4 {[%emt 0:00:00]} Bb4 {[%emt 0:00:00]} 6. Nxc6 {[%emt 0:00:11]} bxc6 {[%emt 0:00:00]} 7. Bd3 {[%emt 0:00:48]} O-O {[%emt 0:00:00]} 8. O-O {[%emt 0:06:13]} Re8 {[%emt 0:05:41]} 9. Qf3 {[%emt 0:05:22]} Bd6 {[%emt 0:01:30]} 10. Bg5 {[%emt 0:10:50]} Be5 11. Rfd1 Rb8 {[%emt 0:04:02]} 12. Rab1 {[%emt 0:01:31]} d6 {[%emt 0:04:03]} 13. h3 {[%emt 0:02:36]} h6 {[%emt 0:13:34]} 14. Be3 {[%emt 0:12:04]} a5 {[%emt 0:01:36]} 15. Bf4 {[%emt 0:04:43]} Nh5 {[%emt 0:19:02]} 16. Bxh6 {[%emt 0:13:14]} gxh6 {[%emt 0:02:25]} 17. Qxh5 {[%emt 0:00:11]} Qf6 {[%emt 0:02:38]} 18. Ne2 {[%emt 0:08:32]} Rxb2 {[%emt 0:02:28]} 19. Rxb2 {[%emt 0:02:27]} Bxb2 {[%emt 0:28:55]} 20. Qxa5 Bxh3 {[%emt 0:00:10]} 21. gxh3 {[%emt 0:03:10]} Re5 {[%emt 0:00:06]} 22. Qd2 {[%emt 0:08:49]} Rg5+ {[%emt 0:00:56]} 23. Ng3 {[%emt 0:01:37]} Bd4 24. Kg2 h5 {[%emt 0:00:57]} 25. f4 {[%emt 0:09:07]} Rg7 {[%emt 0:00:31]} 26. Kh2 {[%emt 0:00:32]} Bb6 {[%emt 0:04:38]} 27. Nxh5 {[%emt 0:02:41]} Qh4 {[%emt 0:00:45]} 28. Nxg7 {[%emt 0:00:27]} Ba5 29. Qe3 {[%emt 0:00:56]} Bb6 {[%emt 0:02:44]} 30. Qg3 {[%emt 0:00:20]} Bg1+ {[%emt 0:00:47]} 31. Rxg1 1-0

[Event "CZE-ch Youth B14 2022"]
[Site "Luhacovice"]
[Date "2022.03.16"]
[Round "6.8"]
[White "Kubin, Tomas Daniel"]
[Black "Dusanek, Michal"]
[Result "0-1"]
[WhiteElo "1666"]
[BlackElo "1682"]
[Annotator "NA"]
[PlyCount "66"]
[EventDate "2022.03.12"]
[EventType "swiss"]
[EventCountry "CZE"]
[SourceTitle "playchess.com"]
[Source "ChessBase"]
[SourceQuality "1"]
[TimeControl "40/5400+30:1800+30"]

1. e4 {[%emt 0:00:05]} c5 {[%emt 0:00:10]} 2. Nf3 {[%emt 0:00:09]} Nc6 {[%emt 0:01:23]} 3. d4 {[%emt 0:00:21]} cxd4 {[%emt 0:00:11]} 4. Nxd4 {[%emt 0:00:10]} g6 {[%emt 0:01:29]} 5. Be3 {[%emt 0:00:35]} Bg7 {[%emt 0:00:18]} 6. Nc3 {[%emt 0:00:27]} Nf6 {[%emt 0:00:13]} 7. Nxc6 {[%emt 0:00:59]} bxc6 {[%emt 0:08:18]} 8. e5 {[%emt 0:01:08]} Ng8 {[%emt 0:01:06]} 9. f4 {[%emt 0:00:31]} f6 {[%emt 0:01:55]} 10. e6 {[%emt 0:03:54]} d5 {[%emt 0:07:37]} 11. f5 {[%emt 0:01:39]} Qc7 {[%emt 0:13:09]} 12. Bd3 {[%emt 0:33:23]} Qe5 {[%emt 0:12:25]} 13. Qd2 {[%emt 0:01:21]} Bh6 {[%emt 0:04:35]} 14. Kf2 {[%emt 0:04:58]} Bxe3+ {[%emt 0:04:24]} 15. Qxe3 {[%emt 0:00:47]} Qxe3+ {[%emt 0:00:22]} 16. Kxe3 {[%emt 0:00:07]} gxf5 {[%emt 0:09:59]} 17. Bxf5 {[%emt 0:01:29]} Nh6 {[%emt 0:00:31]} 18. g4 {[%emt 0:04:09]} Rg8 {[%emt 0:07:50]} 19. h3 {[%emt 0:02:55]} Rb8 {[%emt 0:04:47]} 20. Na4 {[%emt 0:07:56]} Rb4 {[%emt 0:01:51]} 21. b3 {[%emt 0:11:39]} Nxf5+ {[%emt 0:02:42]} 22. gxf5 {[%emt 0:01:21]} Rg3+ {[%emt 0:00:53]} 23. Ke2 {[%emt 0:05:55]} Rf4 {[%emt 0:03:49]} 24. Rhg1 {[%emt 0:03:38]} Rxg1 {[%emt 0:01:15]} 25. Rxg1 {[%emt 0:00:05]} Kf8 {[%emt 0:00:08]} 26. Rg3 {[%emt 0:02:53]} Rxf5 {[%emt 0:00:54]} 27. Re3 {[%emt 0:01:35]} Re5 {[%emt 0:03:25]} 28. Nc5 {[%emt 0:03:03]} Ke8 {[%emt 0:04:31]} 29. Kf3 {[%emt 0:03:04]} Kd8 {[%emt 0:01:06]} 30. Kf4 {[%emt 0:01:25]} Rxe3 {[%emt 0:00:24]} 31. Kxe3 {[%emt 0:00:07]} Kc7 {[%emt 0:00:09]} 32. Kf4 {[%emt 0:01:55]} Kd6 {[%emt 0:00:39]} 33. b4 {[%emt 0:01:36]} Bxe6 {[%emt 0:00:15]} 0-1

[Event "CZE-ch Youth B14 2022"]
[Site "Luhacovice"]
[Date "2022.03.16"]
[Round "6.9"]
[White "Davidek, Zdenek"]
[Black "Tesar, Jakub"]
[Result "1/2-1/2"]
[WhiteElo "1570"]
[BlackElo "1660"]
[Annotator "NA"]
[PlyCount "100"]
[EventDate "2022.03.12"]
[EventType "swiss"]
[EventCountry "CZE"]
[SourceTitle "playchess.com"]
[Source "ChessBase"]
[SourceQuality "1"]
[TimeControl "40/5400+30:1800+30"]

1. d4 {[%emt 0:00:17]} d5 {[%emt 0:00:11]} 2. Nf3 {[%emt 0:00:12]} Nf6 {[%emt 0:00:12]} 3. c4 {[%emt 0:00:22]} dxc4 {[%emt 0:01:52]} 4. e3 {[%emt 0:00:42]} e6 {[%emt 0:02:02]} 5. Bxc4 {[%emt 0:00:09]} c5 {[%emt 0:00:15]} 6. O-O {[%emt 0:00:34]} Nc6 {[%emt 0:00:30]} 7. Qe2 {[%emt 0:01:13]} cxd4 {[%emt 0:09:16]} 8. Rd1 {[%emt 0:00:15]} Be7 {[%emt 0:09:29]} 9. exd4 {[%emt 0:01:31]} O-O {[%emt 0:02:14]} 10. Nc3 {[%emt 0:01:27]} Nb4 {[%emt 0:20:50]} 11. Ne5 {[%emt 0:05:34]} Nbd5 {[%emt 0:09:55]} 12. Qf3 {[%emt 0:13:19]} a6 {[%emt 0:14:03]} 13. a4 {[%emt 0:02:19]} Qa5 {[%emt 0:04:27]} 14. Bd2 {[%emt 0:11:54]} Bb4 {[%emt 0:03:04]} 15. Bd3 {[%emt 0:05:36]} Qb6 {[%emt 0:11:45]} 16. Be1 {[%emt 0:04:06]} Bd6 {[%emt 0:01:09]} 17. Nc4 {[%emt 0:12:04]} Qc7 {[%emt 0:00:08]} 18. Nxd6 {[%emt 0:00:15]} Qxd6 {[%emt 0:00:06]} 19. Bd2 {[%emt 0:04:35]} Bd7 {[%emt 0:00:30]} 20. Bg5 {[%emt 0:09:42]} h6 {[%emt 0:04:00]} 21. Bd2 {[%emt 0:00:16]} Bc6 {[%emt 0:00:25]} 22. Qg3 {[%emt 0:01:33]} Qxg3 {[%emt 0:00:07]} 23. hxg3 {[%emt 0:00:09]} Rfd8 {[%emt 0:01:04]} 24. Nxd5 {[%emt 0:05:26]} Bxd5 {[%emt 0:00:41]} 25. Ba5 {[%emt 0:04:12]} Rd6 {[%emt 0:00:55]} 26. Bb4 {[%emt 0:00:31]} Rd7 {[%emt 0:01:14]} 27. a5 {[%emt 0:01:30]} Bc6 {[%emt 0:01:30]} 28. Ra3 {[%emt 0:05:21]} Rad8 {[%emt 0:00:55]} 29. Bc5 {[%emt 0:00:14]} Rd5 {[%emt 0:00:50]} 30. Bb6 {[%emt 0:01:32]} Rc8 {[%emt 0:00:08]} 31. Rc3 {[%emt 0:01:10]} Rg5 {[%emt 0:00:45]} 32. Bf1 {[%emt 0:01:36]} Nd5 {[%emt 0:00:35]} 33. Rc2 {[%emt 0:00:52]} Nxb6 {[%emt 0:00:14]} 34. axb6 {[%emt 0:00:04]} Rd8 {[%emt 0:00:10]} 35. Rcd2 {[%emt 0:04:21]} Bb5 {[%emt 0:00:39]} 36. Rc1 {[%emt 0:01:58]} Bxf1 {[%emt 0:00:13]} 37. Kxf1 {[%emt 0:00:07]} Rb5 {[%emt 0:00:04]} 38. Ke2 {[%emt 0:01:48]} Rxb6 {[%emt 0:00:08]} 39. Ke3 {[%emt 0:00:04]} Kh7 {[%emt 0:01:59]} 40. Rc7 {[%emt 0:00:46]} Kg6 {[%emt 0:00:06]} 41. Rdc2 {[%emt 0:30:26]} Rb3+ {[%emt 0:31:34]} 42. R7c3 {[%emt 0:00:00]} Rb4 {[%emt 0:00:00]} 43. Rc4 {[%emt 0:00:00]} Rxc4 {[%emt 0:00:00]} 44. Rxc4 {[%emt 0:00:00]} Rd6 {[%emt 0:00:00]} 45. b4 {[%emt 0:00:00]} Kf6 {[%emt 0:00:00]} 46. Rc2 {[%emt 0:00:00]} Ke7 {[%emt 0:00:00]} 47. b5 {[%emt 0:00:00]} a5 {[%emt 0:00:00]} 48. Rc7+ {[%emt 0:00:00]} Rd7 {[%emt 0:00:00]} 49. Rc8 {[%emt 0:00:00]} Kd6 {[%emt 0:00:00]} 50. b6 {[%emt 0:00:00]} Kd5 {[%emt 0:03:04]} 1/2-1/2

[Event "CZE-ch Youth B14 2022"]
[Site "Luhacovice"]
[Date "2022.03.16"]
[Round "6.10"]
[White "Sigut, Ondrej"]
[Black "Hozda, Max"]
[Result "1/2-1/2"]
[WhiteElo "1536"]
[BlackElo "1901"]
[Annotator "ChessBase"]
[PlyCount "117"]
[EventDate "2022.03.12"]
[EventType "swiss"]
[EventCountry "CZE"]
[SourceTitle "playchess.com"]
[Source "ChessBase"]
[SourceQuality "1"]
[TimeControl "40/5400+30:1800+30"]

1. e4 {[%emt 0:00:03]} c6 {[%emt 0:00:06]} 2. d4 {[%emt 0:00:06]} d5 {[%emt 0:00:05]} 3. exd5 {[%emt 0:00:07]} cxd5 {[%emt 0:00:06]} 4. Bd3 {[%emt 0:00:08]} Nc6 {[%emt 0:00:06]} 5. c3 {[%emt 0:00:09]} Nf6 {[%emt 0:00:18]} 6. Bf4 {[%emt 0:00:22]} g6 {[%emt 0:09:22]} 7. Nf3 {[%emt 0:02:00]} Bg7 {[%emt 0:00:28]} 8. O-O {[%emt 0:00:55]} O-O {[%emt 0:00:11]} 9. Re1 {[%emt 0:00:51]} Bf5 {[%emt 0:01:34]} 10. Bxf5 {[%emt 0:04:04]} gxf5 {[%emt 0:00:02]} 11. Ne5 {[%emt 0:02:52]} Ne4 {[%emt 0:11:28]} 12. Nxc6 {[%emt 0:06:22]} bxc6 {[%emt 0:00:11]} 13. Qe2 {[%emt 0:01:40]} e6 {[%emt 0:01:38]} 14. f3 {[%emt 0:01:27]} Nd6 {[%emt 0:02:34]} 15. Nd2 {[%emt 0:05:54]} Nb7 {[%emt 0:17:41]} 16. Nb3 {[%emt 0:05:38]} Qe7 {[%emt 0:06:02]} 17. Qf2 {[%emt 0:04:54]} f6 {[%emt 0:13:25]} 18. Re2 {[%emt 0:09:07]} Rfe8 {[%emt 0:01:14]} 19. Rae1 {[%emt 0:00:41]} Qd7 {[%emt 0:00:38]} 20. Qg3 {[%emt 0:04:55]} Kh8 {[%emt 0:04:08]} 21. Re3 {[%emt 0:06:35]} Rac8 {[%emt 0:03:41]} 22. R3e2 {[%emt 0:09:15]} c5 {[%emt 0:02:26]} 23. dxc5 {[%emt 0:01:11]} Nxc5 {[%emt 0:00:26]} 24. Nxc5 {[%emt 0:00:51]} Rxc5 {[%emt 0:00:08]} 25. Qh3 {[%emt 0:06:50]} Rcc8 {[%emt 0:06:16]} 26. Bh6 {[%emt 0:03:01]} e5 {[%emt 0:06:53]} 27. Bxg7+ {[%emt 0:01:06]} Kxg7 {[%emt 0:00:04]} 28. Qg3+ {[%emt 0:00:45]} Kh8 {[%emt 0:00:25]} 29. Rd2 {[%emt 0:02:52]} f4 {[%emt 0:01:32]} 30. Qf2 {[%emt 0:02:31]} Red8 {[%emt 0:01:21]} 31. Red1 {[%emt 0:01:24]} Qb7 {[%emt 0:01:19]} 32. h3 {[%emt 0:02:47]} Rc7 {[%emt 0:02:52]} 33. Kh2 {[%emt 0:03:10]} Qc6 {[%emt 0:02:18]} 34. Rd3 {[%emt 0:03:18]} Rcd7 {[%emt 0:01:11]} 35. a3 {[%emt 0:03:50]} f5 {[%emt 0:01:21]} 36. R3d2 {[%emt 0:01:51]} Qc7 {[%emt 0:01:02]} 37. Kh1 {[%emt 0:01:44]} e4 {[%emt 0:01:02]} 38. fxe4 {[%emt 0:00:28]} fxe4 {[%emt 0:01:57]} 39. Qd4+ {[%emt 0:00:41]} Kg8 {[%emt 0:01:07]} 40. Rf2 {[%emt 0:00:00]} Rf7 {[%emt 0:00:00]} 41. c4 {[%emt 0:04:29]} e3 {[%emt 0:27:00]} 42. Re2 {[%emt 0:04:47]} Rfd7 {[%emt 0:04:15]} 43. c5 {[%emt 0:01:41]} Rf7 {[%emt 0:01:26]} 44. b4 {[%emt 0:02:32]} Qc6 {[%emt 0:00:29]} 45. Rf1 {[%emt 0:01:31]} Qb5 {[%emt 0:00:32]} 46. Rfe1 {[%emt 0:01:54]} Qc4 {[%emt 0:00:31]} 47. Qxc4 {[%emt 0:00:55]} dxc4 {[%emt 0:00:01]} 48. Rc2 {[%emt 0:00:40]} Rd4 {[%emt 0:00:49]} 49. Kg1 {[%emt 0:00:58]} Kf8 {[%emt 0:00:19]} 50. c6 {[%emt 0:01:40]} Ke8 {[%emt 0:00:26]} 51. b5 {[%emt 0:01:11]} Re7 {[%emt 0:00:43]} 52. Kf1 {[%emt 0:00:47]} Kd8 {[%emt 0:00:29]} 53. Ke2 {[%emt 0:00:44]} Kc7 {[%emt 0:00:43]} 54. Rd1 {[%emt 0:00:35]} Ree4 {[%emt 0:00:32]} 55. Rxd4 {[%emt 0:01:46]} Rxd4 {[%emt 0:00:02]} 56. a4 {[%emt 0:01:20]} c3 {[%emt 0:00:59]} 57. Rxc3 {[%emt 0:01:04]} Rxa4 {[%emt 0:00:21]} 58. g3 Ra2+ 59. Kf1 1/2-1/2

[Event "CZE-ch Youth B14 2022"]
[Site "Luhacovice"]
[Date "2022.03.16"]
[Round "6.11"]
[White "Mrazek, Adam"]
[Black "Vysinsky, Otakar"]
[Result "0-1"]
[WhiteElo "1582"]
[BlackElo "1534"]
[Annotator "NA"]
[PlyCount "88"]
[EventDate "2022.03.12"]
[EventType "swiss"]
[EventCountry "CZE"]
[SourceTitle "playchess.com"]
[Source "ChessBase"]
[SourceQuality "1"]
[TimeControl "40/5400+30:1800+30"]

1. d4 {[%emt 0:00:03]} d5 {[%emt 0:00:05]} 2. c4 {[%emt 0:00:05]} c6 {[%emt 0:00:03]} 3. Nf3 {[%emt 0:00:10]} Nf6 {[%emt 0:00:12]} 4. Nc3 {[%emt 0:00:42]} dxc4 {[%emt 0:00:46]} 5. a4 {[%emt 0:02:54]} Bf5 {[%emt 0:01:50]} 6. e3 {[%emt 0:08:12]} e6 {[%emt 0:02:00]} 7. Bxc4 {[%emt 0:00:40]} Bb4 {[%emt 0:02:29]} 8. O-O {[%emt 0:02:06]} Nbd7 {[%emt 0:01:46]} 9. Bd2 {[%emt 0:11:57]} O-O {[%emt 0:03:01]} 10. Ne2 {[%emt 0:07:05]} Bxd2 {[%emt 0:07:55]} 11. Nxd2 {[%emt 0:02:25]} e5 {[%emt 0:06:32]} 12. b4 {[%emt 0:10:52]} exd4 {[%emt 0:06:16]} 13. Nxd4 {[%emt 0:01:18]} Bg6 {[%emt 0:00:42]} 14. N2f3 {[%emt 0:20:53]} Qc7 {[%emt 0:08:41]} 15. Bd3 {[%emt 0:03:35]} Bxd3 {[%emt 0:03:40]} 16. Qxd3 {[%emt 0:00:09]} Rad8 {[%emt 0:00:49]} 17. Rfd1 {[%emt 0:04:22]} Ne5 {[%emt 0:03:49]} 18. Nxe5 {[%emt 0:05:03]} Qxe5 {[%emt 0:00:03]} 19. Qe2 {[%emt 0:00:28]} Rd5 {[%emt 0:09:10]} 20. Rac1 {[%emt 0:04:16]} Rfd8 {[%emt 0:02:04]} 21. Qf3 {[%emt 0:00:41]} Qe4 {[%emt 0:05:44]} 22. Qxe4 {[%emt 0:03:48]} Nxe4 {[%emt 0:00:02]} 23. f3 {[%emt 0:00:15]} Ng5 {[%emt 0:01:49]} 24. Re1 {[%emt 0:05:54]} Kf8 {[%emt 0:05:19]} 25. b5 {[%emt 0:04:20]} c5 {[%emt 0:01:33]} 26. Nb3 {[%emt 0:00:27]} b6 {[%emt 0:01:05]} 27. Kf2 {[%emt 0:00:43]} Ne6 {[%emt 0:02:37]} 28. a5 {[%emt 0:00:29]} Nc7 {[%emt 0:04:01]} 29. axb6 {[%emt 0:00:30]} axb6 {[%emt 0:00:01]} 30. e4 {[%emt 0:00:31]} Rd3 {[%emt 0:01:35]} 31. Nxc5 {[%emt 0:00:35]} bxc5 {[%emt 0:00:32]} 32. Rxc5 {[%emt 0:00:01]} Ne6 {[%emt 0:00:27]} 33. Rh5 {[%emt 0:00:55]} Rd2+ {[%emt 0:01:06]} 34. Kg3 {[%emt 0:00:14]} Rxg2+ {[%emt 0:00:47]} 35. Kxg2 {[%emt 0:00:26]} Nf4+ {[%emt 0:00:02]} 36. Kg3 {[%emt 0:00:38]} Nxh5+ {[%emt 0:00:03]} 37. Kg4 {[%emt 0:00:08]} Nf6+ {[%emt 0:00:34]} 38. Kf5 {[%emt 0:00:05]} Rb8 {[%emt 0:01:24]} 39. Rb1 {[%emt 0:00:49]} Ke7 {[%emt 0:00:54]} 40. b6 {[%emt 0:00:45]} Nd7 {[%emt 0:01:21]} 41. Rg1 {[%emt 0:30:40]} g6+ {[%emt 0:30:35]} 42. Kg5 {[%emt 0:00:49]} h5 {[%emt 0:05:56]} 43. f4 {[%emt 0:00:00]} Rxb6 {[%emt 0:00:00]} 44. f5 {[%emt 0:00:00]} Ne5 {[%emt 0:00:00]} 0-1

[Event "CZE-ch Youth B14 2022"]
[Site "Luhacovice"]
[Date "2022.03.16"]
[Round "6.12"]
[White "Juhanak, Daniel"]
[Black "Veverka, Vladimir"]
[Result "1-0"]
[WhiteElo "1688"]
[BlackElo "1723"]
[Annotator "NA"]
[PlyCount "89"]
[EventDate "2022.03.12"]
[EventType "swiss"]
[EventCountry "CZE"]
[SourceTitle "playchess.com"]
[Source "ChessBase"]
[SourceQuality "1"]
[TimeControl "40/5400+30:1800+30"]

1. e4 Nf6 2. e5 Ng8 3. d4 d6 4. Nf3 c5 5. dxc5 Qa5+ 6. Nc3 dxc5 7. Bb5+ Bd7 8. Bxd7+ Nxd7 9. Bd2 e6 10. Qe2 Qb6 11. O-O-O a6 12. Be3 h6 13. Ne4 O-O-O 14. Qc4 Qc6 15. Nd6+ Bxd6 16. Rxd6 Qc7 17. Qh4 Re8 18. Rhd1 Nb6 19. Bxc5 Nd5 20. Qd4 Nge7 21. Bb6 Nxb6 22. Qxb6 Qxb6 23. Rxb6 Kc7 24. Rbd6 Rd8 25. c4 Nf5 26. Rxd8 Rxd8 27. Rxd8 Kxd8 28. Kd2 Kc7 29. Kd3 Kb6 30. Nd4 Nh4 31. g3 Ng6 32. f4 Ne7 33. b4 g6 34. Ke4 h5 35. Kd3 Kc7 36. a3 Kb6 37. Ke4 Kc7 38. Ke3 Kb6 39. Kf3 Kc7 40. Ke3 Kb6 41. Ke4 Kc7 42. Nf3 Kd7 43. Ng5 Ke8 44. Kd3 b6 45. Ne4 1-0

[Event "CZE-ch Youth B14 2022"]
[Site "Luhacovice"]
[Date "2022.03.17"]
[Round "7.1"]
[White "Fizer, Marek"]
[Black "Hladky, Tadeas"]
[Result "1/2-1/2"]
[WhiteElo "1876"]
[BlackElo "2029"]
[Annotator "ChessBase"]
[PlyCount "107"]
[EventDate "2022.03.12"]
[EventType "swiss"]
[EventCountry "CZE"]
[SourceTitle "playchess.com"]
[Source "ChessBase"]
[SourceQuality "1"]
[TimeControl "40/5400+30:1800+30"]

1. e4 {[%emt 0:00:04]} e6 {[%emt 0:00:12]} 2. d4 {[%emt 0:00:13]} d5 {[%emt 0:00:03]} 3. exd5 {[%emt 0:00:45]} exd5 {[%emt 0:00:06]} 4. Bd3 {[%emt 0:00:13]} Bd6 {[%emt 0:00:08]} 5. Ne2 {[%emt 0:00:17]} Ne7 {[%emt 0:01:21]} 6. O-O {[%emt 0:00:15]} O-O {[%emt 0:00:49]} 7. Bf4 {[%emt 0:01:08]} Bf5 {[%emt 0:08:50]} 8. Bxd6 {[%emt 0:02:53]} Qxd6 {[%emt 0:00:05]} 9. Ng3 {[%emt 0:01:02]} Bxd3 {[%emt 0:01:04]} 10. Qxd3 {[%emt 0:00:35]} Nd7 {[%emt 0:00:57]} 11. Nd2 {[%emt 0:02:57]} g6 {[%emt 0:08:38]} 12. Rfe1 {[%emt 0:06:12]} Rfe8 {[%emt 0:08:36]} 13. Re2 {[%emt 0:07:47]} Nf8 {[%emt 0:02:00]} 14. Nf3 {[%emt 0:05:41]} Ne6 {[%emt 0:02:54]} 15. Qd2 {[%emt 0:00:46]} Nc6 {[%emt 0:09:17]} 16. Rae1 {[%emt 0:01:34]} Re7 {[%emt 0:07:44]} 17. c3 {[%emt 0:03:51]} Rae8 {[%emt 0:02:07]} 18. Ne5 {[%emt 0:00:29]} Nxe5 {[%emt 0:01:05]} 19. dxe5 {[%emt 0:00:12]} Qc5 {[%emt 0:02:11]} 20. Qh6 {[%emt 0:00:25]} Qc4 {[%emt 0:01:42]} 21. Re3 {[%emt 0:18:00]} Qf4 {[%emt 0:01:23]} 22. Qxf4 {[%emt 0:00:25]} Nxf4 {[%emt 0:00:04]} 23. Nf1 {[%emt 0:01:08]} c5 {[%emt 0:02:32]} 24. g3 {[%emt 0:01:16]} Ne6 {[%emt 0:01:14]} 25. f4 {[%emt 0:10:22]} d4 {[%emt 0:03:54]} 26. cxd4 {[%emt 0:00:40]} cxd4 {[%emt 0:01:03]} 27. Rd3 {[%emt 0:00:26]} Rc7 {[%emt 0:01:32]} 28. Kf2 {[%emt 0:01:37]} Rd8 {[%emt 0:04:15]} 29. Red1 {[%emt 0:02:33]} Rd5 {[%emt 0:03:08]} 30. Kf3 {[%emt 0:06:39]} Ra5 {[%emt 0:01:19]} 31. a3 {[%emt 0:01:54]} Rb5 {[%emt 0:00:46]} 32. b4 {[%emt 0:04:07]} a5 {[%emt 0:01:00]} 33. bxa5 {[%emt 0:08:12]} Rxa5 {[%emt 0:00:20]} 34. Nd2 {[%emt 0:02:01]} Rc3 {[%emt 0:02:59]} 35. Ne4 {[%emt 0:00:54]} Rcxa3 {[%emt 0:00:53]} 36. Nf6+ {[%emt 0:00:15]} Kg7 {[%emt 0:00:54]} 37. Rxa3 {[%emt 0:01:02]} Rxa3+ {[%emt 0:00:04]} 38. Ke2 {[%emt 0:03:16]} Ra2+ {[%emt 0:02:49]} 39. Kf3 {[%emt 0:02:02]} Rxh2 {[%emt 0:01:11]} 40. Rc1 {[%emt 0:01:01]} d3 {[%emt 0:02:08]} 41. Rc8 {[%emt 0:30:20]} Nf8 {[%emt 0:32:01]} 42. Rd8 {[%emt 0:01:02]} d2 {[%emt 0:00:31]} 43. Ng4 {[%emt 0:00:25]} Ne6 {[%emt 0:04:18]} 44. Rd5 {[%emt 0:03:03]} Rh1 {[%emt 0:00:51]} 45. Rxd2 {[%emt 0:00:05]} Rc1 {[%emt 0:01:16]} 46. Nf6 {[%emt 0:00:34]} b5 {[%emt 0:01:15]} 47. Ra2 {[%emt 0:01:28]} h5 {[%emt 0:01:40]} 48. Ra8 {[%emt 0:00:40]} Rc3+ {[%emt 0:00:26]} 49. Kf2 {[%emt 0:01:00]} b4 {[%emt 0:00:42]} 50. Rg8+ {[%emt 0:00:00]} Kh6 {[%emt 0:00:00]} 51. Rh8+ {[%emt 0:00:00]} Kg7 {[%emt 0:00:00]} 52. Rh7+ {[%emt 0:00:00]} Kf8 {[%emt 0:00:00]} 53. Rh8+ {[%emt 0:00:00]} Kg7 {[%emt 0:00:00]} 54. Rg8+ 1/2-1/2